[Event "Olimpiade 2014 - Open"]
[Site "Tromsø"]
[Date "04.08.2014"]
[Round "3.15"]
[Board "2"]
[White "Anton Guijarro, David"]
[Black "Cheparinov, Ivan"]
[Result "1/2-1/2"]
[WhiteTitle "GM"]
[BlackTitle "GM"]
[WhiteElo "2624"]
[BlackElo "2681"]
[WhiteTeam "Spain"]
[BlackTeam "Bulgaria"]
[WhiteFideId "2285525"]
[BlackFideId "2905540"]
[EventDate "2014.08.02"]

1. d4 Nf6 2. Nf3 g6 3. Bf4 Bg7 4. e3 O-O 5. Be2 c5 6. O-O Qb6 7. Nc3 d6 8. Qd2
Bf5 9. Bd3 Bg4 10. dxc5 Qxc5 11. Nd4 Qb6 12. Bg5 Nc6 13. Bxf6 exf6 14. Nd5 Qc5
15. c4 a5 16. h3 Bd7 17. Be2 f5 18. Nb3 Qa7 19. Nc7 Rad8 20. Nb5 Qb8 21. Nxa5
Nxa5 22. Qxa5 Bxb2 23. Rab1 Be5 24. Bf3 b6 25. Qa6 Bc8 26. Qa4 f4 27. exf4 Bxf4
28. Nc3 Be6 29. Nd5 Bxd5 30. Bxd5 Qc7 31. Rb3 Be5 32. Rd1 h5 33. Qc6 Qa7 34.
Qxb6 Qxa2 35. Rf3 Qe2 36. Rf1 Rd7 37. g3 Kg7 38. Rb1 Qc2 39. Kg2 Re7 40. Re1 Qd2
41. Ree3 Qc1 42. Ra3 Qb2 43. Qxb2 Bxb2 44. Ra6 Rd8 45. Rd3 Rc7 46. f4 Bf6 47.
Kf3 Rdd7 48. Rb3 Ra7 49. Rbb6 Rxa6 50. Rxa6 Bd4 51. g4 hxg4+ 52. hxg4 Bc5 53. g5
Ra7 54. Rxa7 1/2-1/2

[Event "Olimpiade 2014 - Open"]
[Site "Tromsø"]
[Date "04.08.2014"]
[Round "3.15"]
[Board "3"]
[White "Iotov, Valentin"]
[Black "Illescas Cordoba, Miguel"]
[Result "1-0"]
[WhiteTitle "GM"]
[BlackTitle "GM"]
[WhiteElo "2553"]
[BlackElo "2618"]
[WhiteTeam "Bulgaria"]
[BlackTeam "Spain"]
[WhiteFideId "2906074"]
[BlackFideId "2200015"]
[EventDate "2014.08.02"]

1. d4 Nf6 2. c4 g6 3. Nc3 Bg7 4. e4 d6 5. Nf3 O-O 6. Be2 e5 7. Be3 exd4 8. Nxd4
Re8 9. f3 c6 10. Bf2 d5 11. exd5 cxd5 12. c5 Nc6 13. O-O Bf8 14. Bb5 Bd7 15.
Bxc6 bxc6 16. b4 a5 17. a3 axb4 18. axb4 Rxa1 19. Qxa1 Nh5 20. Re1 Rxe1+ 21.
Qxe1 Nf4 22. Qd2 Qf6 23. Nce2 Nxe2+ 24. Nxe2 Qa1+ 25. Qe1 Qa3 26. Bd4 Qd3 27.
Kf2 Bc8 28. Qc3 Ba6 29. Qxd3 Bxd3 30. Bf6 Bh6 31. Nd4 Bd2 32. Nxc6 Kf8 33. Be7+
Ke8 34. Bd6 f6 35. Ne7 Bc4 36. c6 d4 37. c7 Be3+ 38. Ke1 Ba6 39. c8=Q+ Bxc8 40.
Nxc8 Kd7 41. Nb6+ Kxd6 42. Nc4+ Kd5 43. Nxe3+ dxe3 44. Ke2 Kd4 45. g4 Kc4 46.
Kxe3 Kxb4 47. Kd4 Kb3 48. f4 Kc2 49. f5 gxf5 50. gxf5 Kd2 51. Ke4 1-0

[Event "Olimpiade 2014 - Open"]
[Site "Tromsø"]
[Date "04.08.2014"]
[Round "3.15"]
[Board "4"]
[White "Vazquez Igarza, Renier"]
[Black "Rusev, Krasimir"]
[Result "1-0"]
[WhiteTitle "GM"]
[BlackTitle "GM"]
[WhiteElo "2603"]
[BlackElo "2548"]
[WhiteTeam "Spain"]
[BlackTeam "Bulgaria"]
[WhiteFideId "3503054"]
[BlackFideId "2905434"]
[EventDate "2014.08.02"]

1. Nf3 d5 2. d4 Nf6 3. c4 c6 4. Nc3 dxc4 5. a4 Bf5 6. Ne5 Nbd7 7. Nxc4 Qc7 8. g3
e5 9. dxe5 Nxe5 10. Bf4 Nfd7 11. Bg2 g5 12. Bxe5 Nxe5 13. Qd4 f6 14. O-O Be7 15.
Ne3 Bg6 16. a5 a6 17. Ne4 O-O 18. Qc3 Rad8 19. f4 gxf4 20. gxf4 f5 21. Ng3 Ng4
22. Bd5+ Rxd5 23. Nxd5 Qd8 24. Nxe7+ Qxe7 25. h3 Ne3 26. Rf3 Re8 27. Kh2 h5 28.
Rg1 Kh7 29. Qd4 c5 30. Qd3 Ng4+ 31. hxg4 fxg4 32. f5 Qh4+ 33. Kg2 gxf3+ 34. Qxf3
Bf7 35. Rh1 Qg5 36. Kf2 h4 37. Ne4 Rxe4 38. Qxe4 Qg3+ 39. Kf1 h3 40. Qf3 Qxf3+
41. exf3 Kg7 42. Rxh3 Kf6 43. Kf2 Kxf5 44. Ke3 1-0

[Event "Olimpiade 2014 - Open"]
[Site "Tromsø"]
[Date "04.08.2014"]
[Round "3.16"]
[Board "3"]
[White "Mekhitarian, Krikor Sevag"]
[Black "Dzhumaev, Marat"]
[Result "0-1"]
[WhiteTitle "GM"]
[BlackTitle "GM"]
[WhiteElo "2568"]
[BlackElo "2510"]
[WhiteTeam "Brazil"]
[BlackTeam "Uzbekistan"]
[WhiteFideId "2107660"]
[BlackFideId "14200236"]
[EventDate "2014.08.02"]

1. e4 e5 2. Nf3 Nc6 3. Bb5 a6 4. Ba4 Nge7 5. c3 g6 6. d4 exd4 7. cxd4 Bg7 8. d5
b5 9. Bc2 Nb4 10. Bb3 a5 11. a3 Na6 12. O-O O-O 13. d6 cxd6 14. Qxd6 Bb7 15. Bg5
Nc8 16. Qd2 Qb6 17. Nc3 Nc5 18. Bc2 Nd6 19. Nd5 Qa6 20. Nc7 Qc6 21. Nxa8 Ndxe4
22. Bxe4 Nxe4 23. Qe3 Rxa8 24. Rac1 Qe6 25. Rc2 Nd6 26. Re2 Nc4 27. Qd3 Nxb2 28.
Qxb5 Ba6 29. Rxe6 Bxb5 30. Rd6 Bxf1 31. Kxf1 Nc4 32. Rxd7 Nxa3 33. Be7 Nb5 34.
Rb7 Nc3 35. Ba3 a4 36. Ng5 Rd8 37. g3 h6 38. Nxf7 Rd1+ 39. Kg2 Nb1 40. Bb4 a3
41. Ra7 Rd3 42. Nd6 Bf8 43. Ra8 a2 44. Ne4 Rd8 45. Rxd8 a1=Q 46. Rxf8+ Kg7 47.
Nf6 h5 48. Ne8+ Kh6 49. Nf6 Qa4 50. Bd6 Qc6+ 51. Kh3 g5 52. Ne8 Qd5 53. Rf6+ Kh7
54. Rf8 Qc4 55. Nf6+ Kg6 56. Ne8 Qf1# 0-1

[Event "Olimpiade 2014 - Open"]
[Site "Tromsø"]
[Date "04.08.2014"]
[Round "3.16"]
[Board "4"]
[White "Vakhidov, Jahongir"]
[Black "El Debs, Felipe de Cresce"]
[Result "1-0"]
[WhiteTitle "IM"]
[BlackTitle "GM"]
[WhiteElo "2471"]
[BlackElo "2522"]
[WhiteTeam "Uzbekistan"]
[BlackTeam "Brazil"]
[WhiteFideId "14201801"]
[BlackFideId "2106981"]
[EventDate "2014.08.02"]

1. Nf3 d5 2. d4 Nf6 3. e3 Bf5 4. Bd3 Bxd3 5. cxd3 Nbd7 6. O-O e6 7. Nc3 c5 8.
dxc5 Nxc5 9. d4 Ncd7 10. Qb3 Qb6 11. Qxb6 Nxb6 12. Nb5 Ke7 13. b3 a6 14. Ba3+
Kd8 15. Nd6 Bxd6 16. Bxd6 Ne4 17. Ba3 f6 18. Rfc1 Rc8 19. Ne1 Na8 20. Nd3 b6 21.
f3 Nc3 22. Nf4 Kd7 23. Bb4 Nb5 24. a4 Na7 25. Be1 Nc6 26. b4 Ne7 27. a5 Rxc1 28.
Rxc1 Nf5 29. Kf2 bxa5 30. Nd3 axb4 31. Nc5+ Ke7 32. Bxb4 a5 33. Bxa5 Rb8 34. Nd3
Kf7 35. Rc6 Ne7 36. Rd6 Rb7 37. g4 Ra7 38. Bb4 Nc8 39. Rd8 Ne7 40. Bc5 Ra2+ 41.
Kg3 Ng6 42. h4 1-0

[Event "Olimpiade 2014 - Open"]
[Site "Tromsø"]
[Date "04.08.2014"]
[Round "3.17"]
[Board "1"]
[White "Winants, Luc"]
[Black "Rahman, Ziaur"]
[Result "1-0"]
[WhiteTitle "GM"]
[BlackTitle "GM"]
[WhiteElo "2545"]
[BlackElo "2523"]
[WhiteTeam "Belgium"]
[BlackTeam "Bangladesh"]
[WhiteFideId "200018"]
[BlackFideId "10200037"]
[EventDate "2014.08.02"]

1. d4 e6 2. Nf3 c5 3. c4 cxd4 4. Nxd4 a6 5. g3 Qc7 6. Nd2 b6 7. Bg2 Bb7 8. Bxb7
Qxb7 9. O-O Nf6 10. a3 Be7 11. b4 O-O 12. Qb3 Nc6 13. Bb2 Rac8 14. Rac1 Rc7 15.
N4f3 d6 16. Rfd1 Rd8 17. Bc3 Nb8 18. Bb2 Nbd7 19. Rc2 Rdc8 20. Rdc1 Bf8 21. Qd3
h6 22. Qb3 Re8 23. Ba1 e5 24. Nh4 Nh7 25. e4 Ng5 26. Qd3 Nf6 27. f3 Rec8 28. Nf5
Rc6 29. Ne3 Qd7 30. Nd5 Nxd5 31. cxd5 Rxc2 32. Rxc2 Rxc2 33. Qxc2 b5 34. h4 Nh7
35. Kg2 Nf6 36. Nf1 Qa7 37. Bc3 Qc7 38. Ne3 Qa7 39. Qd3 Nd7 40. Be1 Nb6 41. Qc2
Na4 42. Bf2 Qd4 43. Qc8 Qc3 44. Qe8 Nb2 45. Nf5 Qc7 46. Bb6 Qc2+ 47. Kh3 Qd1 48.
Ne7+ Kh7 49. Qxf8 Qh1+ 50. Kg4 h5+ 51. Kg5 f6+ 52. Kf5 Qh3+ 53. g4 Qxf3+ 54. Ke6
Qxg4+ 55. Kf7 1-0

[Event "Olimpiade 2014 - Open"]
[Site "Tromsø"]
[Date "04.08.2014"]
[Round "3.17"]
[Board "2"]
[White "Abdulla, Al-Rakib"]
[Black "Michiels, Bart"]
[Result "1-0"]
[WhiteTitle "GM"]
[BlackTitle "GM"]
[WhiteElo "2522"]
[BlackElo "2535"]
[WhiteTeam "Bangladesh"]
[BlackTeam "Belgium"]
[WhiteFideId "10200444"]
[BlackFideId "202967"]
[EventDate "2014.08.02"]

1. d4 d5 2. Nf3 Nf6 3. Bf4 e6 4. e3 c5 5. c3 Nc6 6. Nbd2 Be7 7. h3 O-O 8. Bd3
Bd6 9. Bxd6 Qxd6 10. O-O Bd7 11. Qe2 Rad8 12. Rad1 Bc8 13. e4 dxe4 14. Nxe4 Nxe4
15. Qxe4 g6 16. Bb5 Ne7 17. Ba4 Qc7 18. dxc5 Qxc5 19. Rxd8 Rxd8 20. Qh4 Kg7 21.
Ng5 h6 22. Ne4 Qc7 23. Qf6+ Kg8 24. Bb3 b6 25. Re1 Nf5 26. h4 Qe7 27. Qe5 Qxh4
28. g3 Qe7 29. Nf6+ Kg7 30. Nh5+ Kh7 31. Nf6+ Kg7 32. Nd5+ f6 33. Nxe7 fxe5 34.
Nxc8 Rxc8 35. Rxe5 Rd8 36. Re2 h5 37. Bxe6 Kf6 38. Bb3 Rd6 39. Bc2 h4 40. Kg2
hxg3 41. fxg3 Ne3+ 42. Rxe3 Rd2+ 43. Kf3 Rxc2 44. Re2 Rc1 45. Kg4 Rd1 46. Rf2+
Kg7 47. b3 b5 48. Rc2 Kf6 49. c4 bxc4 50. Rxc4 Rd6 51. Rf4+ Kg7 52. Ra4 a6 53.
Kf4 Kf6 54. Ke4 Ke6 55. Ra5 Rb6 56. Re5+ Kf6 57. Ra5 Ke6 58. Kd4 Kd6 59. Rd5+
Ke6 60. Kc4 Rc6+ 61. Rc5 Rb6 62. b4 Kd7 63. Kb3 Re6 64. Ka4 Re3 65. Rg5 Re6 66.
Rc5 Re3 67. g4 Re4 68. Rg5 Re6 69. Ka5 Kc7 70. a4 Kb7 71. Rd5 Re7 72. g5 Rf7 73.
Re5 Rd7 74. b5 axb5 75. axb5 Rd6 76. Re7+ Kb8 77. Rg7 Re6 78. b6 Re1 79. Rxg6
Kb7 80. Rg7+ Kc6 81. Rc7+ Kd6 82. g6 Rg1 83. g7 Rg2 84. Ka6 Rg1 85. Kb7 1-0

[Event "Olimpiade 2014 - Open"]
[Site "Tromsø"]
[Date "04.08.2014"]
[Round "3.17"]
[Board "3"]
[White "Ringoir, Tanguy"]
[Black "Minhazuddin, Ahmed"]
[Result "1-0"]
[WhiteTitle "IM"]
[BlackTitle "IM"]
[WhiteElo "2508"]
[BlackElo "2418"]
[WhiteTeam "Belgium"]
[BlackTeam "Bangladesh"]
[WhiteFideId "208027"]
[BlackFideId "10201955"]
[EventDate "2014.08.02"]

1. Nf3 Nf6 2. c4 e6 3. Nc3 Bb4 4. Qc2 c5 5. a3 Bxc3 6. Qxc3 Nc6 7. e3 Qa5 8. Qc2
e5 9. Be2 d6 10. b3 Bg4 11. Bb2 Qb6 12. O-O O-O 13. h3 Bh5 14. d3 Rfe8 15. g4
Bg6 16. Nh4 Qd8 17. Nxg6 hxg6 18. Bf3 Nh7 19. Bg2 Qh4 20. f3 f5 21. gxf5 gxf5
22. f4 exf4 23. Rxf4 Qg5 24. Qf2 Ne7 25. Kh2 Ng6 26. Bd5+ Kh8 27. Rg1 Qh6 28.
Rh4 Nxh4 29. Qxh4 Re5 30. Qxh6 gxh6 31. Rg6 Re8 32. Rxd6 Nf8 33. Rf6 Rxd5 34.
Rxf8+ Kh7 35. Rf7+ Kg8 36. Rg7+ Kf8 37. cxd5 Rxe3 38. d6 1-0

[Event "Olimpiade 2014 - Open"]
[Site "Tromsø"]
[Date "04.08.2014"]
[Round "3.17"]
[Board "4"]
[White "Murshed, Niaz"]
[Black "Docx, Stefan"]
[Result "1-0"]
[WhiteTitle "GM"]
[BlackTitle "IM"]
[WhiteElo "2453"]
[BlackElo "2491"]
[WhiteTeam "Bangladesh"]
[BlackTeam "Belgium"]
[WhiteFideId "10200010"]
[BlackFideId "200778"]
[EventDate "2014.08.02"]

1. d4 Nf6 2. c4 e6 3. Nf3 b6 4. g3 Bb7 5. Bg2 c5 6. d5 exd5 7. Nh4 g6 8. Nc3 Bg7
9. Bf4 O-O 10. Bd6 Re8 11. cxd5 Ba6 12. O-O Ng4 13. Qa4 Bxc3 14. bxc3 Bxe2 15.
Rfe1 Nf6 16. Qf4 Na6 17. Qa4 Nc7 18. Bxc7 Qxc7 19. d6 Qd8 20. Bxa8 Qxa8 21. Qf4
Nh5 22. Qd2 Bc4 23. Rxe8+ Qxe8 24. Re1 Be6 25. Ng2 Qa8 26. Qd3 Qc6 27. c4 Nf6
28. Nf4 a6 29. Nxe6 fxe6 30. Rb1 Ne4 31. Qf3 Qb7 32. a4 a5 33. Re1 Nxd6 34. Qxb7
Nxb7 35. Rd1 d5 36. cxd5 exd5 37. Rxd5 c4 38. Rd4 c3 39. Rc4 Nc5 40. Kf1 c2 41.
Rxc2 Nxa4 42. Rc8+ Kf7 43. Rc7+ Ke6 44. Rxh7 Nc5 45. Rg7 Kf5 46. g4+ Kg5 47. h4+
Kxh4 48. Rxg6 b5 49. Rb6 b4 50. Rb5 Nb3 51. g5 Kh5 52. Kg2 Nd4 53. Rxa5 b3 54.
Ra4 Nc2 55. Ra8 Ne1+ 56. Kg3 Nd3 57. f4 Kg6 58. Rb8 b2 59. Rb5 1-0

[Event "Olimpiade 2014 - Open"]
[Site "Tromsø"]
[Date "04.08.2014"]
[Round "3.18"]
[Board "1"]
[White "Shirov, Alexei"]
[Black "Ismagambetov, Anuar"]
[Result "1-0"]
[WhiteTitle "GM"]
[BlackTitle "GM"]
[WhiteElo "2709"]
[BlackElo "2531"]
[WhiteTeam "Latvia"]
[BlackTeam "Kazakhstan"]
[WhiteFideId "2209390"]
[BlackFideId "13701525"]
[EventDate "2014.08.02"]

1. d4 Nf6 2. c4 e6 3. Nf3 c5 4. d5 d6 5. Nc3 exd5 6. cxd5 g6 7. Bf4 a6 8. e4 b5
9. Bd3 Bg7 10. h3 O-O 11. O-O Nh5 12. Bh2 Qb6 13. a4 c4 14. Be2 Bb7 15. Nd2 Nf6
16. b3 Ne8 17. Rc1 Nd7 18. axb5 axb5 19. bxc4 b4 20. Nb5 Nc5 21. Rb1 Ra2 22. Bf4
b3 23. Be3 b2 24. Nb3 Ba6 25. Nxc5 dxc5 26. Qb3 Ra1 27. Rxb2 Rxf1+ 28. Bxf1 Bxb2
29. Qxb2 Bxb5 30. cxb5 Ng7 31. Qa3 Rc8 32. Qa6 Qb8 33. Bf4 1-0

[Event "Olimpiade 2014 - Open"]
[Site "Tromsø"]
[Date "04.08.2014"]
[Round "3.18"]
[Board "2"]
[White "Kotsur, Pavel"]
[Black "Kovalenko, Igor"]
[Result "1/2-1/2"]
[WhiteTitle "GM"]
[BlackTitle "GM"]
[WhiteElo "2559"]
[BlackElo "2650"]
[WhiteTeam "Kazakhstan"]
[BlackTeam "Latvia"]
[WhiteFideId "13700278"]
[BlackFideId "14117908"]
[EventDate "2014.08.02"]

1. Nf3 Nf6 2. c4 b6 3. Nc3 Bb7 4. d4 e6 5. a3 d5 6. cxd5 Nxd5 7. e3 Be7 8. Bb5+
c6 9. Bd3 Nd7 10. e4 Nxc3 11. bxc3 c5 12. O-O O-O 13. Qe2 Qc7 14. e5 Rfd8 15.
Be3 Nf8 16. Nd2 cxd4 17. cxd4 f5 18. Rfc1 Qd7 19. Bb5 Qd5 20. f3 Rdc8 21. Qd3
Qd8 22. Bc4 Kh8 23. a4 Bb4 24. Nf1 Bd5 25. Ba6 Rxc1 26. Rxc1 Ng6 27. Qc2 Ba3 28.
Ra1 Bf8 29. Rc1 Ne7 30. Bf2 Nc6 31. Bb5 Nb4 32. Qc7 a6 33. Be2 Bb3 34. Qxd8 Rxd8
35. d5 Nxd5 36. Bxa6 Bxa4 37. Rc8 Re8 38. Bb7 Nf4 39. Bxb6 Nd3 40. Rxe8 Bxe8 41.
Bc8 Bf7 42. Bd4 Bc5 43. Bxc5 Nxc5 44. f4 Be8 45. Kf2 Bd7 1/2-1/2

[Event "Olimpiade 2014 - Open"]
[Site "Tromsø"]
[Date "04.08.2014"]
[Round "3.18"]
[Board "3"]
[White "Neiksans, Arturs"]
[Black "Khusnutdinov, Rustam"]
[Result "1/2-1/2"]
[WhiteTitle "GM"]
[BlackTitle "GM"]
[WhiteElo "2572"]
[BlackElo "2470"]
[WhiteTeam "Latvia"]
[BlackTeam "Kazakhstan"]
[WhiteFideId "11601388"]
[BlackFideId "13701703"]
[EventDate "2014.08.02"]

1. e4 c5 2. Nf3 e6 3. d4 cxd4 4. Nxd4 Nc6 5. Nc3 Qc7 6. Be3 a6 7. Bd3 Nf6 8. O-O
Ne5 9. h3 Bc5 10. Kh1 d6 11. Qe2 b5 12. f4 Nxd3 13. cxd3 Qb6 14. Qf2 O-O 15. b4
Bxb4 16. Nc2 Bc5 17. d4 Qa5 18. dxc5 Qxc3 19. Bd4 Nxe4 20. Bxc3 Nxf2+ 21. Rxf2
dxc5 22. Ba5 Bb7 23. Ne3 Be4 24. Rc1 Rfc8 25. Rd2 Kf8 26. Ng4 c4 27. Kg1 Ra7 28.
Kf2 h5 29. Ne3 Ke7 30. Rd4 Bc6 31. Nd1 Rd7 32. Rxd7+ Kxd7 33. Nc3 Bd5 34. Rd1
Kc6 35. a3 Rh8 36. Rd2 Rh6 37. Na2 h4 38. Nb4+ Kd6 39. Nxa6 Rg6 40. Kf1 Rg3 41.
Ra2 Be4 42. Bb4+ Kd5 43. Be1 Rb3 44. Nb4+ Kd4 45. Bf2+ Kc3 46. Be1+ Kd4 47. Bf2+
Kc3 48. Be1+ Kd4 49. Bf2+ 1/2-1/2

[Event "Olimpiade 2014 - Open"]
[Site "Tromsø"]
[Date "04.08.2014"]
[Round "3.18"]
[Board "4"]
[White "Aitbayev, Aslan"]
[Black "Kantans, Toms"]
[Result "1-0"]
[WhiteTitle "IM"]
[BlackTitle "IM"]
[WhiteElo "2425"]
[BlackElo "2496"]
[WhiteTeam "Kazakhstan"]
[BlackTeam "Latvia"]
[WhiteFideId "13704613"]
[BlackFideId "11602945"]
[EventDate "2014.08.02"]

1. e4 d5 2. exd5 Qxd5 3. Nc3 Qd6 4. d4 Nf6 5. Nf3 g6 6. Nb5 Qb6 7. c4 c6 8. Nc3
Bg7 9. Be2 O-O 10. O-O Rd8 11. h3 Bf5 12. Na4 Qc7 13. Qb3 Nbd7 14. Be3 Nf8 15.
Rfd1 b6 16. Rac1 h6 17. d5 c5 18. Nh4 Bd7 19. Qc2 Ne8 20. Nc3 Nd6 21. Bd3 e5 22.
dxe6 Bxe6 23. Nd5 Bxd5 24. cxd5 Qe7 25. Nf3 Qf6 26. b3 Re8 27. Qd2 g5 28. b4
cxb4 29. Qxb4 Rac8 30. Rc6 Rxc6 31. dxc6 Nf5 32. Bd2 Ne7 33. c7 Rc8 34. Rc1 Nd5
35. Qe4 Rxc7 36. Rxc7 Nxc7 37. h4 Nce6 38. hxg5 hxg5 39. Bc4 a6 40. g3 b5 41.
Bd5 Qd8 42. Qf5 Bf6 43. Be3 Kg7 44. Nd2 Nc7 45. Bb3 Qd7 46. Qf3 Nce6 47. Ne4 Bd8
48. Bd2 Nd4 49. Bc3 f6 50. Bxd4 Qxd4 51. Nxg5 Be7 52. Ne4 Ng6 53. Qg4 Qe5 54.
Be6 Kh6 55. Bf5 Nf8 56. Kg2 b4 57. Nd2 Bc5 58. Nf3 Qd5 59. Be4 Qd7 60. Qf4+ Kg7
61. Nh4 a5 62. Nf5+ Kf7 63. Qf3 Qd2 64. Qh5+ Ng6 65. Nh6+ Ke6 66. Qf5+ 1-0

[Event "Olimpiade 2014 - Open"]
[Site "Tromsø"]
[Date "04.08.2014"]
[Round "3.19"]
[Board "1"]
[White "Lupulescu, Constantin"]
[Black "Markos, Jan"]
[Result "1/2-1/2"]
[WhiteTitle "GM"]
[BlackTitle "GM"]
[WhiteElo "2625"]
[BlackElo "2602"]
[WhiteTeam "Romania"]
[BlackTeam "Slovakia"]
[WhiteFideId "1207822"]
[BlackFideId "14903474"]
[EventDate "2014.08.02"]

1. Nf3 Nf6 2. c4 e6 3. Nc3 Bb4 4. Qc2 c5 5. a3 Ba5 6. e3 O-O 7. d4 b6 8. Be2 d5
9. dxc5 bxc5 10. O-O Nbd7 11. Rd1 Bb7 12. Bd2 Rc8 13. Be1 Bc7 14. cxd5 exd5 15.
b4 Qe7 16. bxc5 Nxc5 17. Nb5 Bb8 18. Nbd4 Nfe4 19. Rac1 Qf6 20. Qb1 Ba8 21. Rc2
Na4 22. Rdc1 Rxc2 23. Qxc2 Nb6 24. Bb4 Nd6 25. Qb3 Nbc4 26. Bc3 Qd8 27. a4 Qd7
28. Nb5 Rc8 29. Bd4 Bc6 30. Rb1 a6 31. Nc3 Qe8 32. Bd3 1/2-1/2

[Event "Olimpiade 2014 - Open"]
[Site "Tromsø"]
[Date "04.08.2014"]
[Round "3.19"]
[Board "2"]
[White "Ftacnik, Lubomir"]
[Black "Parligras, Mircea-Emilian"]
[Result "0-1"]
[WhiteTitle "GM"]
[BlackTitle "GM"]
[WhiteElo "2571"]
[BlackElo "2574"]
[WhiteTeam "Slovakia"]
[BlackTeam "Romania"]
[WhiteFideId "14900017"]
[BlackFideId "1204297"]
[EventDate "2014.08.02"]

1. d4 Nf6 2. c4 e6 3. Nf3 d5 4. g3 Bb4+ 5. Bd2 Be7 6. Bg2 c6 7. Qb3 Nbd7 8. O-O
O-O 9. Nc3 a5 10. cxd5 exd5 11. Qc2 Re8 12. Rfe1 h6 13. Bf4 Nf8 14. Rad1 Ng6 15.
Ne5 Nxf4 16. gxf4 Be6 17. f5 Bd7 18. e4 dxe4 19. Qb3 Rf8 20. Nxe4 Bxf5 21. Qxb7
Rb8 22. Qxc6 Bxe4 23. Bxe4 Bb4 24. Re3 Bd6 25. Qc2 Nxe4 26. Rxe4 Re8 27. Rde1
Re6 28. b3 Qg5+ 29. Kh1 Qf5 30. Qe2 Rbe8 31. f3 Kh7 32. Qe3 Qh5 33. Qd3 Kg8 34.
R4e2 Qh3 35. Rg1 Bxe5 36. dxe5 Rxe5 37. Rxe5 Rxe5 38. Qd8+ Kh7 39. Qd3+ g6 40.
Rd1 Rf5 41. Rf1 Rd5 42. Qc4 Kg8 43. Kg1 Rg5+ 44. Kf2 Qxh2+ 45. Ke3 Re5+ 46. Kd4
Qb2+ 47. Kd3 Qe2+ 48. Kc3 Re3+ 49. Kd4 Qd2+ 0-1

[Event "Olimpiade 2014 - Open"]
[Site "Tromsø"]
[Date "04.08.2014"]
[Round "3.19"]
[Board "3"]
[White "Jianu, Vlad-Cristian"]
[Black "Michalik, Peter"]
[Result "1-0"]
[WhiteTitle "GM"]
[BlackTitle "GM"]
[WhiteElo "2579"]
[BlackElo "2586"]
[WhiteTeam "Romania"]
[BlackTeam "Slovakia"]
[WhiteFideId "1208110"]
[BlackFideId "14907526"]
[EventDate "2014.08.02"]

1. c4 e6 2. Nf3 Nf6 3. g3 d5 4. b3 c5 5. Bg2 Nc6 6. cxd5 exd5 7. d4 cxd4 8. O-O
Bc5 9. Ba3 Qb6 10. Bxc5 Qxc5 11. Qc1 Qb6 12. Na3 O-O 13. Nc2 Ne4 14. Qb2 Nc3 15.
e3 Ne2+ 16. Kh1 d3 17. Nce1 Bf5 18. Rd1 d4 19. exd4 Be4 20. Nxd3 Nexd4 21. Nxd4
Bxg2+ 22. Kxg2 Nxd4 23. Ne5 Rfd8 24. Rd3 Nc6 25. Rfd1 Rxd3 26. Rxd3 Qb5 27. Nc4
Nb4 28. Rd6 Qe8 29. Qd2 Nc6 30. Qd5 h6 31. h4 Rd8 32. Rxd8 Nxd8 33. Ne5 Qe7 34.
f4 Qc7 35. Qc4 Qd6 36. Qc8 Qd2+ 37. Kh3 h5 38. Nd7 Qa5 39. b4 Qf5+ 40. Kh2 1-0

[Event "Olimpiade 2014 - Open"]
[Site "Tromsø"]
[Date "04.08.2014"]
[Round "3.19"]
[Board "4"]
[White "Petrik, Tomas"]
[Black "Vajda, Levente"]
[Result "1/2-1/2"]
[WhiteTitle "GM"]
[BlackTitle "GM"]
[WhiteElo "2487"]
[BlackElo "2561"]
[WhiteTeam "Slovakia"]
[BlackTeam "Romania"]
[WhiteFideId "14901625"]
[BlackFideId "1203975"]
[EventDate "2014.08.02"]

1. e4 d6 2. d4 Nf6 3. Nc3 e5 4. Nf3 Nbd7 5. Bc4 Be7 6. O-O O-O 7. Re1 c6 8. a4
b6 9. h3 a6 10. Ba2 Rb8 11. Be3 b5 12. axb5 axb5 13. b4 Qc7 14. Bb3 Nb6 15. Qd3
h6 16. dxe5 dxe5 17. Bc5 Re8 18. Red1 Bf8 19. Qe3 Nbd7 20. Bxf8 Nxf8 21. Qc5
N8d7 22. Qd6 Qxd6 23. Rxd6 c5 24. bxc5 Nxc5 25. Ra7 Nxb3 26. cxb3 Be6 27. b4
Rbc8 28. Nxb5 Nxe4 29. Rb6 Bd5 30. Nd6 Rb8 31. Rxb8 Rxb8 32. Nf5 Be6 33. Ne7+
Kh7 34. Nc6 Rb6 35. Ncxe5 Rxb4 36. Nxf7 Rb1+ 37. Kh2 Bxf7 38. Rxf7 Nxf2 39. Nd2
Rh1+ 40. Kg3 Nd3 41. Nf1 Kg6 42. Rf8 Kh7 43. Rf3 Ne5 44. Rf5 g6 1/2-1/2

[Event "Olimpiade 2014 - Open"]
[Site "Tromsø"]
[Date "04.08.2014"]
[Round "3.20"]
[Board "1"]
[White "Ivanchuk, Vassily"]
[Black "Sadorra, Julio Catalino"]
[Result "1/2-1/2"]
[WhiteTitle "GM"]
[BlackTitle "GM"]
[WhiteElo "2744"]
[BlackElo "2590"]
[WhiteTeam "Ukraine"]
[BlackTeam "Philippines"]
[WhiteFideId "14100010"]
[BlackFideId "5201268"]
[EventDate "2014.08.02"]

1. d4 Nf6 2. Nf3 d5 3. c4 e6 4. Nc3 Bb4 5. e3 Nc6 6. Qc2 O-O 7. a3 Bxc3+ 8. Qxc3
Re8 9. Bd3 Qe7 10. b4 e5 11. Nxe5 Nxe5 12. dxe5 Ne4 13. Qd4 c5 14. Qxd5 Nxf2 15.
Kxf2 Rd8 16. Qxc5 Qxc5 17. bxc5 Rxd3 18. Rb1 Kf8 19. Rb4 a5 20. Rb6 Rc3 21. Bb2
Rc2+ 22. Kg3 Bd7 23. Rc1 Rxc1 24. Bxc1 Bc6 25. Bb2 a4 26. Bd4 Ke7 27. Rb2 Ke6
28. Rf2 Rg8 29. Kh3 Ke7 30. Kh4 h6 31. Kg4 Rh8 32. Kf4 h5 33. g3 Rh6 34. Kg5 Ke6
35. Bc3 Be4 36. Kf4 Bc6 37. Rd2 Ke7 38. Ba5 Bd7 39. Rb2 Bc6 40. Bc7 Rh8 41. Rd2
Bd7 42. Bd6+ Ke8 43. Kg5 Rh6 44. Rd4 Rg6+ 45. Kh4 Rg4+ 46. Kxh5 Rg6 47. e6 Rh6+
48. Kg5 Bxe6 49. h4 Rg6+ 50. Kf4 Rf6+ 51. Ke4 Rf2 52. Kd3 Rb2 53. c6 bxc6 54. g4
Rb3+ 55. Kd2 Rb2+ 1/2-1/2

[Event "Olimpiade 2014 - Open"]
[Site "Tromsø"]
[Date "04.08.2014"]
[Round "3.20"]
[Board "2"]
[White "Gomez, John Paul"]
[Black "Ponomariov, Ruslan"]
[Result "0-1"]
[WhiteTitle "GM"]
[BlackTitle "GM"]
[WhiteElo "2526"]
[BlackElo "2717"]
[WhiteTeam "Philippines"]
[BlackTeam "Ukraine"]
[WhiteFideId "5201381"]
[BlackFideId "14103320"]
[EventDate "2014.08.02"]

1. d4 Nf6 2. c4 e6 3. Nc3 Bb4 4. e3 O-O 5. a3 Bxc3+ 6. bxc3 c5 7. Ne2 Qa5 8. Qc2
cxd4 9. Nxd4 Nc6 10. a4 d5 11. cxd5 exd5 12. f3 Re8 13. Bd2 Qc7 14. Nb5 Qe5 15.
Be2 Bf5 16. Qb2 Na5 17. O-O b6 18. Qa3 Bg6 19. Rfe1 Nd7 20. c4 Nxc4 21. Bxc4
dxc4 22. Nd6 Red8 23. Nxc4 Qe6 24. Qa2 Nc5 25. e4 f6 26. Ne3 Qxa2 27. Rxa2 Bf7
28. Nd5 Bxd5 29. exd5 Rxd5 30. a5 Rad8 31. axb6 axb6 32. Re2 b5 33. h4 h5 34.
Kh2 R8d7 35. Kg3 Kf7 36. Rb2 Nd3 37. Rb1 Re7 38. Re4 Rxe4 39. fxe4 Rc5 40. Rb3
Ne5 41. Bb4 Rc8 42. Bd6 Nc4 43. Bf4 Rc5 44. Kf2 Ke6 45. g3 Kd7 46. Ke2 Kc6 47.
Rb1 Ne5 48. Bxe5 fxe5 49. Kd3 Rc4 50. Rf1 Rd4+ 51. Ke3 b4 52. Rf8 Rc4 53. Rc8+
Kb5 54. Rb8+ Ka4 55. Ra8+ Kb3 56. Ra5 Kc3 57. Rxe5 b3 58. Rb5 b2 0-1